| 000 | 00647cam a2200217 a 4500 | ||
|---|---|---|---|
| 001 | 16957741 | ||
| 005 | 20180130072425.0 | ||
| 008 | 110912s1841 paua j 000 1 eng | ||
| 010 | _a 2011659801 | ||
| 040 |
_aDLC _cDLC |
||
| 041 | _aeng | ||
| 042 | _apcc | ||
| 080 | _a2 cha | ||
| 100 | _a24 | ||
| 101 | _ateo | ||
| 245 | 0 | 0 |
_aLiving letters / _cwritten for the American Sunday-School Union and revised by the Committee of Publication. |
| 561 | _5DLC | ||
| 906 |
_a7 _bcbc _corignew _d2 _encip _f20 _gy-genrareb |
||
| 942 |
_2ddc _cBK |
||
| 999 |
_c41292 _d41292 |
||